Borburata
שמור ב:
| מחבר ראשי: | |
|---|---|
| פורמט: | ספר |
| שפה: | ספרדית |
| יצא לאור: |
Buenos Aires
Centro Editor de América Latina
1967
|
| מהדורה: | 1a. ed |
| סדרה: | Libros de Mar a Mar
|
| נושאים: | |
| תגים: |
הוספת תג
אין תגיות, היה/י הראשונ/ה לתייג את הרשומה!
|
MARC
| LEADER | 00000cam a2200000 a 4500 | ||
|---|---|---|---|
| 001 | UCQ6193 | ||
| 003 | CL-VaPUC | ||
| 008 | 981009e19670000AG |||||||||||||||||spa|d | ||
| 082 | 0 | 4 | |a Ve863 |b DIA |2 21 |
| 100 | 0 | |a Díaz Sánchez, Ramón |e author |9 420101 | |
| 245 | 1 | 0 | |a Borburata |
| 250 | |a 1a. ed | ||
| 300 | |a 270 p | ||
| 942 | |c BK | ||
| 945 | |d 19981009 00:00:00 |a crobeson | ||
| 260 | |a Buenos Aires |b Centro Editor de América Latina |c 1967 | ||
| 650 | 0 | |a Novelas venezolanas |9 312407 | |
| 650 | 0 | |a Literatura venezolana |9 348916 | |
| 583 | |a last modification |c 20140711 10:13:38 |k Rodrigo Vera | ||
| 490 | 0 | |a Libros de Mar a Mar | |
| 999 | |c 276195 |d 276193 | ||
| 952 | |0 0 |1 0 |4 0 |6 VE_863_000000000000000_DIA_1967 |7 0 |8 A |9 313336 |a BIBEDU |b BIBEDU |d 2019-11-20 |i 1476807 |o Ve863 DIA 1967 |p 1476807 |r 2019-11-20 |w 2019-11-20 |y BK |k LIT | ||
| 952 | |0 0 |1 0 |3 erb |4 0 |6 VE_863_000000000000000_DIA_1967 |7 0 |8 A |9 313337 |a BIBEDU |b BIBEDU |i 500652K |o Ve863 DIA 1967 |p 500652K |r 2019-11-20 |w 2019-11-20 |y BK |z Catalogado en:20140717 |k LIT | ||